[Event "45th FIDE Chess Olympiad Open"]
[Site "Budapest, Hungary"]
[Date "2024.09.14"]
[Round "4"]
[White "Omar, Aden Omar"]
[Black "Abdelaziz Bokhit, Badjoiri"]
[Result "1-0"]
[Board "326"]
[WhiteFideId "32502125"]
[BlackFideId "42800099"]
[WhiteElo "1779"]
[BlackElo "1778"]
[WhiteTeam "Djibouti"]
[BlackTeam "Chad"]
[WhiteClock "0:49:31"]
[BlackClock "0:29:54"]
[Variant "Standard"]

1. e4 {[%clk 1:30:51]}  e5 {[%clk 1:30:50]} 2. Nf3 {[%clk 1:30:54]}  Nc6 {[%clk 1:30:59]} 3. Bc4 {[%clk 1:30:51]}  Bc5 {[%clk 1:31:11]} 4. c3 {[%clk 1:28:02]}  h6 {[%clk 1:30:31]} 5. d4 {[%clk 1:24:32]}  exd4 {[%clk 1:30:45]} 6. cxd4 {[%clk 1:24:59]}  Bb6 {[%clk 1:30:43]} 7. Nc3 {[%clk 1:23:52]}  d6 {[%clk 1:29:29]} 8. h3 {[%clk 1:19:18]}  Nge7 {[%clk 1:26:02]} 9. O-O {[%clk 1:18:09]}  O-O {[%clk 1:26:27]} 10. Be3 {[%clk 1:14:15]}  Kh8 {[%clk 1:25:26]} 11. Qd2 {[%clk 1:12:44]}  Ng8 {[%clk 1:21:24]} 12. Rad1 {[%clk 1:08:21]}  f5 {[%clk 1:16:37]} 13. Bd3 {[%clk 1:03:31]}  Nb4 {[%clk 1:08:10]} 14. Bb1 {[%clk 1:03:15]}  fxe4 {[%clk 1:06:59]} 15. Nxe4 {[%clk 1:01:23]}  Nd5 {[%clk 1:05:34]} 16. Ng3 {[%clk 0:58:25]}  Bxh3 {[%clk 1:05:34]} 17. Qd3 {[%clk 0:58:25]}  Ngf6 {[%clk 0:47:07]} 18. gxh3 {[%clk 0:58:37]}  Qd7 {[%clk 0:45:55]} 19. Kg2 {[%clk 0:54:29]}  Rae8 {[%clk 0:45:08]} 20. Nh4 {[%clk 0:52:56]}  Rf7 {[%clk 0:39:31]} 21. a3 {[%clk 0:51:32]}  Kg8 {[%clk 0:38:35]} 22. Ba2 {[%clk 0:50:04]}  Rfe7 {[%clk 0:36:02]} 23. Ng6 {[%clk 0:49:06]}  Re6 {[%clk 0:34:37]} 24. Nf4 {[%clk 0:44:57]}  Qc6 {[%clk 0:19:45]} 25. Kh2 {[%clk 0:44:41]}  Nxf4 {[%clk 0:19:13]} 26. Bxf4 {[%clk 0:42:36]}  d5 {[%clk 0:29:54]} 27. Nf5 {[%clk 0:49:31]} 1-0

[Event "45th FIDE Chess Olympiad Open"]
[Site "Budapest, Hungary"]
[Date "2024.09.14"]
[Round "4"]
[White "Mahendra Gurung"]
[Black "Carbonell, Nicolas"]
[Result "0-1"]
[Board "354"]
[WhiteFideId "17501300"]
[BlackFideId "22003266"]
[WhiteElo "1725"]
[BlackElo "1798"]
[WhiteTeam "Bhutan"]
[BlackTeam "Burkina Faso"]
[WhiteClock "1:38:40"]
[BlackClock "0:24:32"]
[Variant "Standard"]

1. e4 {[%clk 1:30:55]}  e5 {[%clk 1:29:53]} 2. Nf3 {[%clk 1:31:07]}  Nf6 {[%clk 1:30:17]} 3. Nc3 {[%clk 1:31:05]}  d5 {[%clk 1:29:58]} 4. d4 {[%clk 1:29:17]}  exd4 {[%clk 1:26:22]} 5. Qxd4 {[%clk 1:28:54]}  Nc6 {[%clk 1:25:42]} 6. Bb5 {[%clk 1:29:03]}  Be6 {[%clk 1:24:31]} 7. Bg5 {[%clk 1:29:04]}  dxe4 {[%clk 1:24:15]} 8. Qxd8+ {[%clk 1:27:42]}  Rxd8 {[%clk 1:24:43]} 9. Nxe4 {[%clk 1:27:32]}  Be7 {[%clk 1:25:03]} 10. Bxf6 {[%clk 1:25:59]}  gxf6 {[%clk 1:25:04]} 11. O-O {[%clk 1:25:22]}  O-O {[%clk 1:24:15]} 12. c3 {[%clk 1:25:23]}  Bf5 {[%clk 1:17:31]} 13. Rfe1 {[%clk 1:25:17]}  a6 {[%clk 1:15:07]} 14. Bxc6 {[%clk 1:25:28]}  bxc6 {[%clk 1:15:18]} 15. Nd4 {[%clk 1:24:10]}  Bd7 {[%clk 1:14:48]} 16. b4 {[%clk 1:23:04]}  Rfe8 {[%clk 1:14:13]} 17. Ng3 {[%clk 1:22:03]}  c5 {[%clk 1:13:38]} 18. Ndf5 {[%clk 1:20:04]}  Bf8 {[%clk 1:12:57]} 19. a3 {[%clk 1:19:58]}  Re5 {[%clk 1:05:23]} 20. Rxe5 {[%clk 1:18:27]}  fxe5 {[%clk 1:03:12]} 21. Rd1 {[%clk 1:18:36]}  f6 {[%clk 1:02:30]} 22. h3 {[%clk 1:17:53]}  Kf7 {[%clk 1:02:19]} 23. f3 {[%clk 1:17:33]}  Ke8 {[%clk 0:52:06]} 24. h4 {[%clk 1:15:00]}  Rb8 {[%clk 0:50:15]} 25. Ne3 {[%clk 1:13:58]}  cxb4 {[%clk 0:40:56]} 26. axb4 {[%clk 1:13:58]}  c6 {[%clk 0:31:22]} 27. Ne4 {[%clk 1:14:10]}  Be7 {[%clk 0:26:45]} 28. Nc4 {[%clk 1:14:00]}  Be6 {[%clk 0:25:42]} 29. Ncd6+ {[%clk 1:12:56]}  Kf8 {[%clk 0:25:49]} 30. Nc5 {[%clk 1:13:02]}  Bc8 {[%clk 0:25:04]} 31. g4 {[%clk 1:12:11]}  Kg7 {[%clk 0:19:17]} 32. Nxc8 {[%clk 1:11:42]}  Bxc5+ {[%clk 0:19:11]} 33. bxc5 {[%clk 1:11:16]}  Rxc8 {[%clk 0:19:39]} 34. Rd7+ {[%clk 1:11:22]}  Kg6 {[%clk 0:20:04]} 35. Ra7 {[%clk 1:11:33]}  h5 {[%clk 0:16:30]} 36. Kf2 {[%clk 1:11:44]}  hxg4 {[%clk 0:16:27]} 37. fxg4 {[%clk 1:11:54]}  f5 {[%clk 0:16:23]} 38. gxf5+ {[%clk 1:10:45]}  Kxf5 {[%clk 0:16:50]} 39. Ke3 {[%clk 1:10:49]}  Rh8 {[%clk 0:15:37]} 40. Rxa6 {[%clk 1:10:50]}  Rh6 {[%clk 0:16:04]} 41. Ra4 {[%clk 1:10:30]}  Rg6 {[%clk 0:15:34]} 42. Kf3 {[%clk 1:10:10]}  Rg1 {[%clk 0:14:55]} 43. Kf2 {[%clk 1:09:40]}  Rg6 {[%clk 0:12:19]} 44. Kf3 {[%clk 1:09:54]}  Rg1 {[%clk 0:11:05]} 45. Rb4 {[%clk 1:10:23]}  Rc1 {[%clk 0:09:19]} 46. Rc4 {[%clk 1:10:11]}  e4+ {[%clk 0:05:11]} 47. Ke3 {[%clk 1:10:01]}  Re1+ {[%clk 0:05:34]} 48. Kd2 {[%clk 1:10:13]}  Rh1 {[%clk 0:05:47]} 49. Rd4 {[%clk 1:10:03]}  Rh2+ {[%clk 0:01:34]} 50. Ke3 {[%clk 1:10:10]}  Rh3+ {[%clk 0:01:43]} 51. Kd2 {[%clk 1:10:26]}  Rh2+ {[%clk 0:02:10]} 52. Ke1 {[%clk 1:10:14]}  Kf4 {[%clk 0:27:58]} 53. Kf1 {[%clk 1:39:22]}  Kf3 {[%clk 0:27:37]} 54. Ke1 {[%clk 1:41:56]}  e3 {[%clk 0:27:39]} 55. Kd1 {[%clk 1:42:06]}  Rh1+ {[%clk 0:26:17]} 56. Kc2 {[%clk 1:42:07]}  e2 {[%clk 0:26:29]} 57. Rd3+ {[%clk 1:41:21]}  Ke4 {[%clk 0:24:59]} 58. Rd4+ {[%clk 1:41:30]}  Ke5 {[%clk 0:25:18]} 59. Rd8 {[%clk 1:40:53]}  e1=Q {[%clk 0:25:09]} 60. Re8+ {[%clk 1:40:30]}  Kd5 {[%clk 0:25:03]} 61. Rxe1 {[%clk 1:40:30]}  Rxe1 {[%clk 0:25:02]} 62. Kd3 {[%clk 1:38:40]}  Rh1 {[%clk 0:24:32]} 63. Ke3 {[%clk 1:38:40]}  Ke5 {[%clk 0:24:32]} 0-1

[Event "45th FIDE Chess Olympiad Open"]
[Site "Budapest, Hungary"]
[Date "2024.09.15"]
[Round "5"]
[White "Peralta, Fernando"]
[Black "Caruana, Fabiano"]
[Result "0-1"]
[Board "25"]
[WhiteFideId "105309"]
[BlackFideId "2020009"]
[WhiteTitle "GM"]
[BlackTitle "GM"]
[WhiteElo "2558"]
[BlackElo "2798"]
[WhiteTeam "Argentina"]
[BlackTeam "United States of America"]
[WhiteClock "0:03:49"]
[BlackClock "0:20:25"]
[Variant "Standard"]

1. d4 {[%clk 1:30:56]}  Nf6 {[%clk 1:30:56]} 2. c4 {[%clk 1:31:17]}  e6 {[%clk 1:31:22]} 3. Nc3 {[%clk 1:31:25]}  Bb4 {[%clk 1:31:45]} 4. e3 {[%clk 1:31:39]}  b6 {[%clk 1:31:58]} 5. Nge2 {[%clk 1:31:52]}  Ne4 {[%clk 1:31:57]} 6. Qc2 {[%clk 1:31:28]}  Bb7 {[%clk 1:31:31]} 7. h4 {[%clk 1:31:46]}  O-O {[%clk 1:31:13]} 8. a3 {[%clk 1:30:23]}  Bxc3+ {[%clk 1:31:36]} 9. Nxc3 {[%clk 1:30:49]}  Nxc3 {[%clk 1:31:29]} 10. Qxc3 {[%clk 1:31:12]}  d5 {[%clk 1:31:21]} 11. b3 {[%clk 1:30:39]}  Nd7 {[%clk 1:25:44]} 12. Bb2 {[%clk 1:30:57]}  f5 {[%clk 1:25:55]} 13. f3 {[%clk 1:26:55]}  Qe7 {[%clk 1:23:42]} 14. O-O-O {[%clk 1:11:45]}  c5 {[%clk 1:13:25]} 15. h5 {[%clk 1:02:12]}  h6 {[%clk 1:13:22]} 16. Kb1 {[%clk 1:02:21]}  Rac8 {[%clk 1:04:02]} 17. dxc5 {[%clk 0:45:32]}  Rxc5 {[%clk 1:01:56]} 18. Qd4 {[%clk 0:45:12]}  e5 {[%clk 0:44:05]} 19. Qh4 {[%clk 0:43:36]}  Nf6 {[%clk 0:44:29]} 20. Qg3 {[%clk 0:33:59]}  dxc4 {[%clk 0:35:13]} 21. Bxc4+ {[%clk 0:34:07]}  Bd5 {[%clk 0:35:35]} 22. Rc1 {[%clk 0:12:55]}  Bxc4 {[%clk 0:24:23]} 23. Rxc4 {[%clk 0:13:19]}  Rxc4 {[%clk 0:24:51]} 24. bxc4 {[%clk 0:13:43]}  Re8 {[%clk 0:25:15]} 25. Qg6 {[%clk 0:12:49]}  Qd7 {[%clk 0:25:11]} 26. Ka1 {[%clk 0:12:03]}  Nh7 {[%clk 0:22:20]} 27. Rc1 {[%clk 0:06:27]}  Nf8 {[%clk 0:20:23]} 28. Qg3 {[%clk 0:06:51]}  Qd2 {[%clk 0:20:37]} 29. c5 {[%clk 0:03:31]}  bxc5 {[%clk 0:21:00]} 30. Rxc5 {[%clk 0:03:49]}  f4 {[%clk 0:20:25]} 0-1

[Event "45th FIDE Chess Olympiad Open"]
[Site "Budapest, Hungary"]
[Date "2024.09.15"]
[Round "5"]
[White "Delgado Ramirez, Neuris"]
[Black "Lodici, Lorenzo"]
[Result "1-0"]
[Board "82"]
[WhiteFideId "3503631"]
[BlackFideId "884189"]
[WhiteTitle "GM"]
[BlackTitle "GM"]
[WhiteElo "2484"]
[BlackElo "2556"]
[WhiteTeam "Paraguay"]
[BlackTeam "Italy"]
[WhiteClock "0:01:34"]
[BlackClock "0:01:06"]
[Variant "Standard"]

1. e4 {[%clk 1:30:56]}  e5 {[%clk 1:30:56]} 2. Nf3 {[%clk 1:30:34]}  Nc6 {[%clk 1:31:20]} 3. Bc4 {[%clk 1:30:10]}  Nf6 {[%clk 1:30:22]} 4. d3 {[%clk 1:29:53]}  Bc5 {[%clk 1:30:47]} 5. Be3 {[%clk 1:29:10]}  Bxe3 {[%clk 1:19:25]} 6. fxe3 {[%clk 1:29:09]}  Qe7 {[%clk 1:18:50]} 7. a4 {[%clk 1:19:38]}  d6 {[%clk 1:09:27]} 8. O-O {[%clk 1:17:38]}  Be6 {[%clk 1:08:01]} 9. Bxe6 {[%clk 1:11:58]}  Qxe6 {[%clk 1:05:32]} 10. a5 {[%clk 1:11:28]}  d5 {[%clk 0:59:24]} 11. Nc3 {[%clk 1:06:28]}  h6 {[%clk 0:54:51]} 12. exd5 {[%clk 1:02:07]}  Nxd5 {[%clk 0:55:17]} 13. Nxd5 {[%clk 1:01:17]}  Qxd5 {[%clk 0:55:42]} 14. a6 {[%clk 0:59:19]}  b5 {[%clk 0:53:38]} 15. c4 {[%clk 0:40:42]}  bxc4 {[%clk 0:48:34]} 16. Qa4 {[%clk 0:36:51]}  O-O {[%clk 0:45:56]} 17. Rfc1 {[%clk 0:35:29]}  Qd6 {[%clk 0:31:56]} 18. Rxc4 {[%clk 0:28:48]}  Ne7 {[%clk 0:31:00]} 19. Qa3 {[%clk 0:28:53]}  f6 {[%clk 0:27:18]} 20. e4 {[%clk 0:23:17]}  Qb6+ {[%clk 0:17:23]} 21. Kf1 {[%clk 0:22:53]}  Rf7 {[%clk 0:12:36]} 22. Rb4 {[%clk 0:22:38]}  Qe6 {[%clk 0:11:21]} 23. Rc1 {[%clk 0:19:54]}  Nc6 {[%clk 0:06:57]} 24. Rbc4 {[%clk 0:19:36]}  Nb8 {[%clk 0:07:21]} 25. Nh4 {[%clk 0:08:39]}  Nxa6 {[%clk 0:04:22]} 26. Rc6 {[%clk 0:08:19]}  Qg4 {[%clk 0:04:51]} 27. Nf3 {[%clk 0:08:16]}  Nb8 {[%clk 0:04:13]} 28. Rxc7 {[%clk 0:08:31]}  Nd7 {[%clk 0:04:05]} 29. Qa2 {[%clk 0:07:24]}  Raf8 {[%clk 0:02:20]} 30. Rxa7 {[%clk 0:06:51]}  Kh8 {[%clk 0:01:26]} 31. Rcc7 {[%clk 0:04:45]}  f5 {[%clk 0:01:55]} 32. Rxd7 {[%clk 0:02:57]}  Rxd7 {[%clk 0:02:24]} 33. Rxd7 {[%clk 0:03:06]}  fxe4 {[%clk 0:02:52]} 34. Qa4 {[%clk 0:01:39]}  Qf4 {[%clk 0:00:53]} 35. Qxe4 {[%clk 0:01:35]}  Qxh2 {[%clk 0:01:04]} 36. Qg4 {[%clk 0:01:46]}  Qh1+ {[%clk 0:00:48]} 37. Ke2 {[%clk 0:01:19]}  Rg8 {[%clk 0:01:06]} 38. Nxe5 {[%clk 0:01:34]} 1-0

[Event "45th FIDE Chess Olympiad Open"]
[Site "Budapest, Hungary"]
[Date "2024.09.15"]
[Round "5"]
[White "Dragnev, Valentin"]
[Black "Khusenkhojaev, Mustafokhuja"]
[Result "1-0"]
[Board "89"]
[WhiteFideId "1634852"]
[BlackFideId "14700727"]
[WhiteTitle "GM"]
[BlackTitle "FM"]
[WhiteElo "2556"]
[BlackElo "2283"]
[WhiteTeam "Austria"]
[BlackTeam "Tajikistan"]
[WhiteClock "0:06:24"]
[BlackClock "0:30:47"]
[Variant "Standard"]

1. e4 {[%clk 1:30:51]}  e5 {[%clk 1:30:52]} 2. Nf3 {[%clk 1:31:14]}  Nc6 {[%clk 1:31:13]} 3. Bb5 {[%clk 1:31:09]}  a6 {[%clk 1:31:24]} 4. Ba4 {[%clk 1:31:35]}  Nf6 {[%clk 1:31:41]} 5. O-O {[%clk 1:31:58]}  Be7 {[%clk 1:31:45]} 6. Re1 {[%clk 1:30:57]}  b5 {[%clk 1:32:00]} 7. Bb3 {[%clk 1:31:25]}  d6 {[%clk 1:32:21]} 8. a4 {[%clk 1:31:41]}  Bd7 {[%clk 1:29:36]} 9. c3 {[%clk 1:27:18]}  O-O {[%clk 1:28:56]} 10. d4 {[%clk 1:27:21]}  h6 {[%clk 1:27:49]} 11. Bc2 {[%clk 1:24:09]}  exd4 {[%clk 1:22:55]} 12. Nxd4 {[%clk 1:24:27]}  Rb8 {[%clk 1:15:46]} 13. Nd2 {[%clk 1:19:55]}  Re8 {[%clk 1:12:10]} 14. Nf1 {[%clk 1:15:55]}  b4 {[%clk 1:06:09]} 15. a5 {[%clk 1:13:31]}  Bf8 {[%clk 1:01:05]} 16. Ng3 {[%clk 1:11:24]}  bxc3 {[%clk 0:59:40]} 17. bxc3 {[%clk 1:11:31]}  g6 {[%clk 0:53:04]} 18. Bf4 {[%clk 1:04:20]}  Ne5 {[%clk 0:49:19]} 19. Qc1 {[%clk 0:53:53]}  c5 {[%clk 0:46:47]} 20. Nf3 {[%clk 0:54:03]}  Kh7 {[%clk 0:46:15]} 21. h4 {[%clk 0:51:51]}  Nfg4 {[%clk 0:40:33]} 22. h5 {[%clk 0:49:05]}  Qf6 {[%clk 0:36:59]} 23. Bxe5 {[%clk 0:37:29]}  dxe5 {[%clk 0:35:06]} 24. Ba4 {[%clk 0:37:32]}  Bxa4 {[%clk 0:33:55]} 25. Rxa4 {[%clk 0:37:48]}  Rb7 {[%clk 0:28:30]} 26. hxg6+ {[%clk 0:30:41]}  fxg6 {[%clk 0:28:35]} 27. Nf1 {[%clk 0:30:47]}  h5 {[%clk 0:27:24]} 28. Ra2 {[%clk 0:21:38]}  Bh6 {[%clk 0:25:45]} 29. Qd1 {[%clk 0:21:17]}  Rd8 {[%clk 0:24:53]} 30. Qe2 {[%clk 0:21:24]}  Rbd7 {[%clk 0:20:06]} 31. Rb1 {[%clk 0:20:42]}  Rd3 {[%clk 0:16:25]} 32. Rab2 {[%clk 0:19:10]}  Rxc3 {[%clk 0:12:28]} 33. Rb7+ {[%clk 0:18:28]}  Bg7 {[%clk 0:12:01]} 34. Ra7 {[%clk 0:15:08]}  Qf4 {[%clk 0:09:27]} 35. Rbb7 {[%clk 0:05:03]}  Rg8 {[%clk 0:09:40]} 36. Rf7 {[%clk 0:04:33]}  Qc1 {[%clk 0:09:51]} 37. Qxa6 {[%clk 0:02:50]}  Rb3 {[%clk 0:07:03]} 38. Nh4 {[%clk 0:02:04]}  Qg5 {[%clk 0:07:21]} 39. Nf3 {[%clk 0:02:24]}  Qc1 {[%clk 0:07:50]} 40. N3d2 {[%clk 0:00:57]}  Rb2 {[%clk 0:07:55]} 41. Qd6 {[%clk 0:28:58]}  Kh6 {[%clk 0:33:47]} 42. Rxg7 {[%clk 0:17:26]}  Rxg7 {[%clk 0:33:17]} 43. Qf8 {[%clk 0:17:47]}  Rxd2 {[%clk 0:33:04]} 44. Qxg7+ {[%clk 0:16:12]}  Kg5 {[%clk 0:33:32]} 45. Ra6 {[%clk 0:09:10]}  Kf4 {[%clk 0:30:50]} 46. Qf7+ {[%clk 0:07:00]}  Kxe4 {[%clk 0:30:47]} 47. Qf3+ {[%clk 0:06:24]} 1-0

[Event "45th FIDE Chess Olympiad Open"]
[Site "Budapest, Hungary"]
[Date "2024.09.15"]
[Round "5"]
[White "Kanep, Meelis"]
[Black "Mastrovasilis, Dimitrios"]
[Result "1/2-1/2"]
[Board "104"]
[WhiteFideId "4501047"]
[BlackFideId "4202694"]
[WhiteTitle "GM"]
[BlackTitle "GM"]
[WhiteElo "2367"]
[BlackElo "2550"]
[WhiteTeam "Estonia"]
[BlackTeam "Greece"]
[WhiteClock "0:24:49"]
[BlackClock "0:25:34"]
[Variant "Standard"]

1. d4 {[%clk 1:30:49]}  d5 {[%clk 1:30:53]} 2. c4 {[%clk 1:30:53]}  e6 {[%clk 1:31:12]} 3. Nc3 {[%clk 1:30:59]}  Nf6 {[%clk 1:31:14]} 4. cxd5 {[%clk 1:30:47]}  exd5 {[%clk 1:31:16]} 5. Bg5 {[%clk 1:30:51]}  Bb4 {[%clk 1:31:22]} 6. e3 {[%clk 1:21:43]}  h6 {[%clk 1:31:32]} 7. Bxf6 {[%clk 1:21:06]}  Qxf6 {[%clk 1:31:48]} 8. Qa4+ {[%clk 1:19:08]}  Nc6 {[%clk 1:31:51]} 9. Bb5 {[%clk 1:16:21]}  O-O {[%clk 1:26:55]} 10. Nge2 {[%clk 1:09:21]}  a5 {[%clk 1:12:10]} 11. a3 {[%clk 0:46:38]}  Bxc3+ {[%clk 1:11:37]} 12. bxc3 {[%clk 0:44:53]}  Ne7 {[%clk 1:09:06]} 13. Bd3 {[%clk 0:41:10]}  Nf5 {[%clk 0:34:31]} 14. O-O {[%clk 0:37:56]}  Nd6 {[%clk 0:32:33]} 15. Qc2 {[%clk 0:28:22]}  Bf5 {[%clk 0:23:51]} 16. Ng3 {[%clk 0:19:57]}  Bxd3 {[%clk 0:15:37]} 17. Qxd3 {[%clk 0:20:25]}  Rfe8 {[%clk 0:14:46]} 18. a4 {[%clk 0:14:28]}  Re7 {[%clk 0:14:01]} 19. Rfe1 {[%clk 0:12:26]}  Rae8 {[%clk 0:13:56]} 20. Nf1 {[%clk 0:11:44]}  Ne4 {[%clk 0:08:49]} 21. Ra2 {[%clk 0:11:53]}  b6 {[%clk 0:08:39]} 22. Ng3 {[%clk 0:08:35]}  Nd6 {[%clk 0:08:50]} 23. Rae2 {[%clk 0:08:04]}  Qg5 {[%clk 0:07:59]} 24. Nf1 {[%clk 0:06:13]}  Re6 {[%clk 0:06:14]} 25. Nd2 {[%clk 0:06:13]}  Qe7 {[%clk 0:03:58]} 26. c4 {[%clk 0:05:31]}  dxc4 {[%clk 0:03:15]} 27. Nxc4 {[%clk 0:05:57]}  Qd7 {[%clk 0:02:31]} 28. Nxd6 {[%clk 0:04:16]}  Rxd6 {[%clk 0:02:44]} 29. Qb3 {[%clk 0:03:02]}  Rd5 {[%clk 0:01:33]} 30. h3 {[%clk 0:02:30]}  Re6 {[%clk 0:01:37]} 31. Kh2 {[%clk 0:02:04]}  c5 {[%clk 0:01:04]} 32. dxc5 {[%clk 0:02:12]}  Rxc5 {[%clk 0:01:09]} 33. Rd1 {[%clk 0:01:31]}  Rd6 {[%clk 0:01:21]} 34. Ree1 {[%clk 0:01:02]}  Qc6 {[%clk 0:01:01]} 35. Kg1 {[%clk 0:00:39]}  Qd7 {[%clk 0:00:32]} 36. Rxd6 {[%clk 0:00:46]}  Qxd6 {[%clk 0:01:01]} 37. Rd1 {[%clk 0:01:03]}  Qc7 {[%clk 0:00:59]} 38. g3 {[%clk 0:00:37]}  g6 {[%clk 0:00:34]} 39. Rd4 {[%clk 0:00:39]}  h5 {[%clk 0:00:31]} 40. Qd3 {[%clk 0:00:40]}  Rc1+ {[%clk 0:25:34]} 41. Kg2 {[%clk 0:24:49]} 1/2-1/2

[Event "45th FIDE Chess Olympiad Open"]
[Site "Budapest, Hungary"]
[Date "2024.09.15"]
[Round "5"]
[White "Escalona Landi, Samid Eduardo"]
[Black "Lee, Kyungseok"]
[Result "1-0"]
[Board "119"]
[WhiteFideId "3937437"]
[BlackFideId "13202154"]
[WhiteTitle "FM"]
[WhiteElo "2305"]
[BlackElo "2044"]
[WhiteTeam "Venezuela"]
[BlackTeam "South Korea"]
[WhiteClock "0:41:04"]
[BlackClock "0:00:23"]
[Variant "Standard"]

1. Nf3 {[%clk 1:28:26]}  d5 {[%clk 1:29:17]} 2. c4 {[%clk 1:28:43]}  e6 {[%clk 1:28:34]} 3. g3 {[%clk 1:29:02]}  Nf6 {[%clk 1:28:10]} 4. b3 {[%clk 1:29:28]}  d4 {[%clk 1:25:19]} 5. Bg2 {[%clk 1:29:52]}  Be7 {[%clk 1:25:03]} 6. O-O {[%clk 1:30:15]}  O-O {[%clk 1:25:18]} 7. e3 {[%clk 1:30:38]}  Nc6 {[%clk 1:24:54]} 8. Re1 {[%clk 1:27:22]}  e5 {[%clk 1:20:59]} 9. Bb2 {[%clk 1:25:11]}  Bg4 {[%clk 1:19:07]} 10. h3 {[%clk 1:25:28]}  Bh5 {[%clk 1:15:46]} 11. e4 {[%clk 1:22:39]}  Nd7 {[%clk 1:14:54]} 12. d3 {[%clk 1:22:50]}  a5 {[%clk 1:13:42]} 13. a3 {[%clk 1:22:36]}  Nc5 {[%clk 1:11:17]} 14. Qc2 {[%clk 1:21:21]}  Ra6 {[%clk 1:07:37]} 15. Nbd2 {[%clk 1:21:44]}  Rb6 {[%clk 1:06:50]} 16. Rab1 {[%clk 1:22:08]}  Qd7 {[%clk 1:01:30]} 17. Bc1 {[%clk 1:19:22]}  Bg6 {[%clk 0:58:39]} 18. g4 {[%clk 1:12:31]}  h5 {[%clk 0:43:41]} 19. Nh2 {[%clk 1:12:09]}  Bg5 {[%clk 0:40:12]} 20. Bf3 {[%clk 1:08:43]}  h4 {[%clk 0:38:25]} 21. Bg2 {[%clk 1:08:00]}  Qe7 {[%clk 0:37:20]} 22. Nhf3 {[%clk 1:08:18]}  Bf4 {[%clk 0:36:38]} 23. Kh1 {[%clk 1:07:55]}  Bh7 {[%clk 0:35:32]} 24. Ng1 {[%clk 1:07:29]}  g5 {[%clk 0:34:17]} 25. Ne2 {[%clk 1:07:49]}  Bxd2 {[%clk 0:27:31]} 26. Bxd2 {[%clk 1:08:15]}  f6 {[%clk 0:27:48]} 27. b4 {[%clk 1:08:24]}  axb4 {[%clk 0:19:20]} 28. axb4 {[%clk 1:08:52]}  Nxb4 {[%clk 0:15:47]} 29. Rxb4 {[%clk 1:06:44]}  Nxd3 {[%clk 0:15:57]} 30. Qxd3 {[%clk 1:06:47]}  Rxb4 {[%clk 0:16:16]} 31. Qa3 {[%clk 1:06:49]}  c5 {[%clk 0:16:31]} 32. Bxb4 {[%clk 1:07:13]}  cxb4 {[%clk 0:16:53]} 33. Qb3 {[%clk 1:07:29]}  Qc5 {[%clk 0:16:43]} 34. Nc1 {[%clk 1:07:10]}  Rc8 {[%clk 0:17:02]} 35. Nd3 {[%clk 1:07:30]}  Qxc4 {[%clk 0:17:11]} 36. Qxc4+ {[%clk 1:06:35]}  Rxc4 {[%clk 0:17:35]} 37. Rb1 {[%clk 1:07:00]}  Bg6 {[%clk 0:16:52]} 38. Nxb4 {[%clk 1:07:15]}  d3 {[%clk 0:16:24]} 39. Nxd3 {[%clk 1:07:27]}  Rxe4 {[%clk 0:16:20]} 40. Rxb7 {[%clk 1:04:08]}  Re2 {[%clk 0:16:02]} 41. Nc5 {[%clk 1:04:22]}  Rxf2 {[%clk 0:15:49]} 42. Kg1 {[%clk 1:04:10]}  Rc2 {[%clk 0:15:56]} 43. Bd5+ {[%clk 1:04:06]}  Kf8 {[%clk 0:13:50]} 44. Ne4 {[%clk 0:42:27]}  Bxe4 {[%clk 0:12:05]} 45. Bxe4 {[%clk 0:42:48]}  Rc3 {[%clk 0:11:44]} 46. Kg2 {[%clk 0:41:48]}  Rg3+ {[%clk 0:11:23]} 47. Kh2 {[%clk 0:42:04]}  Re3 {[%clk 0:11:31]} 48. Bg6 {[%clk 0:42:26]}  Rf3 {[%clk 0:11:26]} 49. Rf7+ {[%clk 0:42:47]}  Kg8 {[%clk 0:11:40]} 50. Kg2 {[%clk 0:43:06]}  Rf4 {[%clk 0:11:46]} 51. Rc7 {[%clk 0:41:12]}  Kf8 {[%clk 0:10:48]} 52. Bh5 {[%clk 0:36:52]}  Kg8 {[%clk 0:10:47]} 53. Bg6 {[%clk 0:36:46]}  Kf8 {[%clk 0:11:02]} 54. Rd7 {[%clk 0:36:36]}  Kg8 {[%clk 0:10:07]} 55. Rf7 {[%clk 0:36:54]}  e4 {[%clk 0:07:42]} 56. Re7 {[%clk 0:36:58]}  Rf3 {[%clk 0:07:09]} 57. Bxe4 {[%clk 0:36:47]}  Rg3+ {[%clk 0:07:27]} 58. Kh2 {[%clk 0:37:07]}  Kf8 {[%clk 0:07:32]} 59. Ra7 {[%clk 0:37:19]}  Re3 {[%clk 0:05:05]} 60. Bg6 {[%clk 0:37:40]}  Re2+ {[%clk 0:04:49]} 61. Kg1 {[%clk 0:38:02]}  Re3 {[%clk 0:04:56]} 62. Kg2 {[%clk 0:38:11]}  Rg3+ {[%clk 0:04:23]} 63. Kf2 {[%clk 0:38:27]}  Rxh3 {[%clk 0:04:13]} 64. Rf7+ {[%clk 0:38:50]}  Kg8 {[%clk 0:04:34]} 65. Rxf6 {[%clk 0:39:10]}  Kg7 {[%clk 0:04:18]} 66. Rc6 {[%clk 0:39:21]}  Ra3 {[%clk 0:04:12]} 67. Bf5 {[%clk 0:39:42]}  Ra2+ {[%clk 0:02:34]} 68. Ke3 {[%clk 0:40:02]}  Ra8 {[%clk 0:01:08]} 69. Rg6+ {[%clk 0:40:22]}  Kf7 {[%clk 0:01:32]} 70. Rxg5 {[%clk 0:40:38]}  Rh8 {[%clk 0:01:47]} 71. Be4 {[%clk 0:40:16]}  h3 {[%clk 0:01:52]} 72. Rf5+ {[%clk 0:40:02]}  Ke6 {[%clk 0:02:04]} 73. Bd5+ {[%clk 0:40:29]}  Kd6 {[%clk 0:02:00]} 74. Kf2 {[%clk 0:40:09]}  Rh4 {[%clk 0:01:09]} 75. Kg3 {[%clk 0:40:19]}  Rh8 {[%clk 0:01:24]} 76. Bh1 {[%clk 0:40:34]}  Ke7 {[%clk 0:01:17]} 77. Rf2 {[%clk 0:40:39]}  Ke6 {[%clk 0:00:54]} 78. Be4 {[%clk 0:40:29]}  Ke5 {[%clk 0:01:05]} 79. Bg6 {[%clk 0:40:47]}  Ke6 {[%clk 0:01:08]} 80. Bh5 {[%clk 0:41:04]}  Kd5 {[%clk 0:00:23]} 1-0

[Event "45th FIDE Chess Olympiad Open"]
[Site "Budapest, Hungary"]
[Date "2024.09.15"]
[Round "5"]
[White "Galaviz Medina, Sion Radamantys"]
[Black "Araujo Sanchez, Josue"]
[Result "1-0"]
[Board "125"]
[WhiteFideId "5123119"]
[BlackFideId "6416896"]
[WhiteTitle "IM"]
[BlackTitle "IM"]
[WhiteElo "2488"]
[BlackElo "2296"]
[WhiteTeam "Mexico"]
[BlackTeam "Dominican Republic"]
[WhiteClock "0:04:14"]
[BlackClock "0:39:49"]
[Variant "Standard"]

1. d4 {[%clk 1:30:58]}  Nf6 {[%clk 1:30:51]} 2. c4 {[%clk 1:31:24]}  e6 {[%clk 1:31:07]} 3. Nc3 {[%clk 1:31:51]}  Bb4 {[%clk 1:31:07]} 4. e3 {[%clk 1:32:16]}  O-O {[%clk 1:30:52]} 5. Bd3 {[%clk 1:32:41]}  c5 {[%clk 1:31:11]} 6. Nge2 {[%clk 1:32:12]}  d5 {[%clk 1:26:19]} 7. a3 {[%clk 1:31:33]}  Bxc3+ {[%clk 1:26:20]} 8. bxc3 {[%clk 1:32:00]}  dxc4 {[%clk 1:23:38]} 9. Bxc4 {[%clk 1:28:07]}  Nc6 {[%clk 1:23:57]} 10. O-O {[%clk 1:23:01]}  e5 {[%clk 1:22:45]} 11. Qc2 {[%clk 0:58:14]}  Na5 {[%clk 1:03:31]} 12. Ba2 {[%clk 0:58:30]}  Qc7 {[%clk 1:02:53]} 13. c4 {[%clk 0:24:15]}  cxd4 {[%clk 0:57:16]} 14. exd4 {[%clk 0:21:07]}  exd4 {[%clk 0:57:04]} 15. Nxd4 {[%clk 0:21:34]}  Ng4 {[%clk 0:55:11]} 16. Nf3 {[%clk 0:21:53]}  Nc6 {[%clk 0:55:35]} 17. Bb2 {[%clk 0:22:15]}  Qf4 {[%clk 0:55:49]} 18. Bb1 {[%clk 0:19:10]}  Qh6 {[%clk 0:53:15]} 19. h3 {[%clk 0:14:30]}  Nf6 {[%clk 0:53:38]} 20. a4 {[%clk 0:12:45]}  Be6 {[%clk 0:53:22]} 21. Ra3 {[%clk 0:12:55]}  Rac8 {[%clk 0:53:19]} 22. Bxf6 {[%clk 0:09:08]}  gxf6 {[%clk 0:52:54]} 23. Re1 {[%clk 0:08:39]}  Rfd8 {[%clk 0:52:44]} 24. Qb2 {[%clk 0:04:52]}  Na5 {[%clk 0:52:13]} 25. Nd4 {[%clk 0:03:08]}  Nxc4 {[%clk 0:51:28]} 26. Rg3+ {[%clk 0:03:35]}  Kh8 {[%clk 0:51:45]} 27. Qxb7 {[%clk 0:03:58]}  Rxd4 {[%clk 0:39:49]} 28. Qxc8+ {[%clk 0:04:14]} 1-0